000 00555nam a22001817a 4500
005 20241114120336.0
010 _aENG-142619
020 _c1575.00
_a9788195370122
035 _aEN-126151
037 _bDBAD
082 _a620.1923
100 _aChattopadhyay, P.K.
_973947
245 _aBioplastics and Biodegradable Product :
_cby P.K. Chattopadhyay
_bmanufacturing handbook /
260 _aDelhi
_bAsia Pacific Business Press Inc.
_c2022
270 _bDelhi
300 _a432p.
_c22cm(pbk)
_bill.
942 _2ddc
_cEN
_h620.1923
_mCHA
999 _c206990
_d206990